Las regiones tropicales americanas : (Registro nro. 198)

Detalles MARC
000 -CABECERA
Campo de control 01630cam a2200301 a 4500
005 - FECHA Y HORA DE LA ULTIMA TRANSACCION
Campo de control 20160113074442.0
008 - ELEMENTOS DE LONGITUD FIJA—INFORMACION GENERAL
Campo de control 930217r1992 ck ab b 000 0 spa
020 ## - ISBN
ISBN 9589129234
040 ## - FUENTE DE CATALOGACIÓN
Agencia catalogadora original DLC
Agencia transcriptora DLC
Agencia Modificadora DLC
-- CO-BOIAvH
041 1# - IDIOMA
Código de idioma para texto/pista de sonido o título separado Español
Código de idioma de la versión original y/o traducciones intermedias del texto Inglés
044 ## - PAÍS DE PUBLICACIÓN
País de publicación Colombia
082 ## - NUMERO DE CLASIFICACION DECIMAL DEWEY
Número de clasificación 577.6970
Número del ítem R33r
245 14 - MENCION DE TITULO
Título Las regiones tropicales americanas :
Parte restante del título visión geográfica de James J. Parsons /
Mención de responsabilidad editado por Joaquín Molano B.
250 ## - MENCION DE EDICION
Mención de edición 1. ed.
260 ## - PUBLICACION, DISTRIBUCION, ETC. (PIE DE IMPRENTA)
Lugar de publicación, distribución, etc. Bogotá, Colombia :
Nombre del editor, distribuidor, etc. Fondo FEN Colombia,
Fecha de publicación, distribución, etc. 1992.
300 ## - DESCRIPCION FISICA
Extensión xxvii, 427 páginas :
Otros detalles físicos ilustraciones., mapas ;
Dimensiones 25 centímetros.
500 ## - NOTA GENERAL
Nota general "Los escritos aquí reunidos, fueron seleccionados, principalmente, de su libro Hispanic lands and peoples (... Westview Press, Dellplain Latin American Studies, n. 23, 1989); y de publicaciones periódicas especializadas de América"--T.p. verso.
504 ## - NOTA DE BIBLIOGRAFIA, ETC.
Nota de bibliografía Incluye referencias bibliográficas
520 1# - NOTA DE RESUMEN, ETC.
Nota de resumen "Magnificent edition of articles translated into Spanish, by the late Berkeley geographer, James J. Parsons (1914-97). Approximately half are studies on Colombia. Parsons was known for his masterful ability to understand, from direct observation, the interraction between nature and culture"--Handbook of Latin American Studies, v. 57.
650 #0 - ASIENTO SECUNDARIO DE MATERIA - TERMINO TEMATICO
Término temático o nombre geográfico como elemento de entrada Human ecology
Subdivisión geográfica Latinoamerica
9 (RLIN) 50292
650 #0 - ASIENTO SECUNDARIO DE MATERIA - TERMINO TEMATICO
Término temático o nombre geográfico como elemento de entrada Ecología humana
9 (RLIN) 50293
650 #0 - ASIENTO SECUNDARIO DE MATERIA - TERMINO TEMATICO
Término temático o nombre geográfico como elemento de entrada Human ecology
Subdivisión geográfica Colombia.
9 (RLIN) 50294
650 #0 - ASIENTO SECUNDARIO DE MATERIA - TERMINO TEMATICO
Término temático o nombre geográfico como elemento de entrada Savannas
Subdivisión geográfica Latin America.
9 (RLIN) 50295
651 #0 - ASIENTO SECUNDARIO DE MATERIA - NOMBRE GEOGRAFICO
Nombre geográfico Latin America
Subdivisión general Historical geography.
9 (RLIN) 50296
651 #0 - ASIENTO SECUNDARIO DE MATERIA - NOMBRE GEOGRAFICO
Nombre geográfico Colombia
Subdivisión general Historical geography.
9 (RLIN) 50297
700 2# - ASIENTO SECUNDARIO - NOMBRE PERSONAL
Nombre personal Molano Barrero, Joaquín.
Término de relación editor
9 (RLIN) 3723
942 ## - ELEMENTOS ADICIONALES (KOHA)
Sistema de clasificación Dewey Decimal Classification
Tipo de ítem Libro
Existencias
Withdrawn status Lost status Sistema de Clasificación Damaged status No para préstamo Colección Inventariado Ubicación Permanente Ubicación actual Fecha de adquisición Fuente de Valor Valor Total Checkouts Número topográfico Inventario / Código de Barras Date last seen Ejemplar Price effective from Forma de adquisición Tipo de material
    Dewey Decimal Classification     General Inventariado 2017 Bogotá Bogotá 24/12/1997 Instituto 60000.00   LB-577.6970 R33r 000248 04/12/2012 Ej. 1 04/12/2012   Libro
    Dewey Decimal Classification     General Inventariado 2017 Sala Fabio Quevedo Sala Fabio Quevedo 03/03/2004 Instituto 60000.00   LB-577.6970 R33r 015595 04/12/2012 Ej. 2 04/12/2012 Donación Libro